Musiques les plus vues de Youtube - Statistiques

Statistiques générales
  • Ce quiz a été pris 978 fois
  • Le résultat moyen est 6 sur 26
Statistiques - réponses
Vues (en milliards) % Correct
Despacito 6.708
89%
Gangnam Style 3.572
63%
Shape of You 4.713
52%
See You Again 4.493
35%
Sorry 3.270
32%
Waka Waka 2.467
32%
Roar 3.046
29%
Hello 2.640
25%
Shake It Off 2.898
22%
Uptown Funk 3.815
21%
Perfect 2.352
18%
Sugar 3.163
18%
Dark Horse 2.756
15%
Lean On 2.778
15%
Blank Space 2.573
12%
Counting Stars 2.950
12%
Thinking Out Loud 2.956
11%
Bailando 2.839
9%
Faded 2.710
9%
Girls Like You 2.632
8%
Let Her Go 2.663
7%
Chantaje 2.518
6%
Mi gente 2.658
6%
Closer 2.479
5%
We Don't Talk Anymore 2.419
4%
All About That Bass 2.361
3%
Aucun quiz correspondant
Distribution des résultats
% des personnes avec chaque résultat
Percentile par nombre de réponses
Votre historique - résultats
Vous n’avez pas pris ce quiz